Countries that Visit Lithuania the Most - Statistics

General Stats
  • This quiz has been taken 696 times
  • The average score is 9 of 10
Answer Stats
Rank Country # of visitors % Correct
5 Latvia 134,500
99%
3 Russia 150,600
99%
8 United Kingdom 58,200
98%
7 Estonia 58,300
97%
1 Germany 174,800
96%
4 Poland 148,400
96%
2 Belarus 171,900
94%
6 Ukraine 84,000
87%
9 Italy 39,900
68%
10 Norway 39,800
68%
No matching quizzes found
Score Distribution
Percent of People with Each Score
Percentile by Number Answered
Your Score History
You have not taken this quiz